000 00484nam a2200193 a 4500
020 _a0883448
082 0 0 _a230
_bEVA1
100 _aEvans, Alice Frazer
245 _aGlobalization of Theological Education
260 _aNew York
_bOrbis Books
_c1993
300 _a366p
500 _aincludes index and biblioraphy
505 2 _aBibliography
650 _aTheology
650 _aChristian-Education
700 1 _aRobert A Evans
700 1 _aDavid A Roozen
942 _cBK
999 _c9961
_d9961